Revista andina / (Record no. 21845)

000 -CABECERA
fixed length control field 01846nam a22003257a 4500
003 - IDENTIFICADOR DEL NÚMERO DE CONTROL
control field AR-CdUCM
008 - DATOS DE LONGITUD FIJA--INFORMACIÓN GENERAL
fixed length control field 190425b ||||| |||| 00| 0 spa d
040 ## - FUENTE DE LA CATALOGACIÓN
Agencia/entidad que catalogó originalmente la obra MUNICIPALIDAD PROVINCIAL DEL CUSCO
Entidad que transcribió la catalogación BIBLIOTECA MUNICIPAL DEL CUSCO
082 ## - NÚMERO DE LA CLASIFICACIÓN DECIMAL DEWEY
No. de Clasificación Rev.Andi/N°23/1994
110 ## - ENTRADA PRINCIPAL--NOMBRE DE ENTIDAD CORPORATIVA
Nombre de la institución, jurisdicción como entrada principal Centro Bartolomé de Las Casas
9 (RLIN) 3293
245 ## - MENCIÓN DE TÍTULO
Título Revista andina /
Mención de responsabilidad Centro de estudios rurales andinos Bartolomé de Las Casas Cusco
260 ## - PUBLICACIÓN, DISTRIBUCIÓN, ETC.
Lugar de publicación, distribución, etc. Cusco :
Nombre de la editorial, distribuidor, etc. Centro Bartolomé de Las Casas,
Fecha de publicación, distribución, etc. 1994.
300 ## - DESCRIPCIÓN FÍSICA
Nº de Páginas Extensión 288 páginas. :
Dimensiones 23 cm.
440 ## - MENCIÓN DE SERIE/PUNTO DE ACCESO ADICIONAL--TÍTULO
Título Publicación Semestral del Centro Bartolomé de Las Casas Cusco.
Número de la parte/sección de una obra Año 12, Número 23, N°1, Primer semestre 1994.
9 (RLIN) 46403
505 ## - NOTA DE CONTENIDO CON FORMATO
Nota de contenido formateada Contenido: De ciudadano a otro resistencia nacional, formación del Estado y visiones campesinas sobre la nación en Junín. Florencia E. Mallon. -- Decencia y cultura política los indigenistas del Cuzco en los años veinte. Marisol de la Cadena. -- La procedencia dialectal del manuscrito de Huarochirí en base a sus características lingüísticas. Willen F. H. Adelaar. -- El banquete aymara, aspectos simbólicos de las mesas rituales aymaras. Gerardo Fernández Juárez. -- La Deuda de Ofrenda un concepto central de la religión andina. Ina Rösing. -- José Carlos Mariátegui y su edad de piedra (1930-1993). Ricardo Portocarrero Grados.
650 ## - PUNTO DE ACCESO ADICIONAL DE MATERIA--TÉRMINO DE MATERIA
Descriptor Formación del Estado
9 (RLIN) 46404
650 ## - PUNTO DE ACCESO ADICIONAL DE MATERIA--TÉRMINO DE MATERIA
Descriptor Indigenismo
9 (RLIN) 208
650 ## - PUNTO DE ACCESO ADICIONAL DE MATERIA--TÉRMINO DE MATERIA
Descriptor Antropología
9 (RLIN) 878
650 ## - PUNTO DE ACCESO ADICIONAL DE MATERIA--TÉRMINO DE MATERIA
Descriptor Costumbres
9 (RLIN) 230
650 ## - PUNTO DE ACCESO ADICIONAL DE MATERIA--TÉRMINO DE MATERIA
Descriptor José Carlos Mariátegui
9 (RLIN) 46405
700 ## - PUNTO DE ACCESO ADICIONAL--NOMBRE DE PERSONA
Nombre Personal Mallon, Florencia
9 (RLIN) 46406
700 ## - PUNTO DE ACCESO ADICIONAL--NOMBRE DE PERSONA
Nombre Personal De la Cadena, Marisol
9 (RLIN) 46243
700 ## - PUNTO DE ACCESO ADICIONAL--NOMBRE DE PERSONA
Nombre Personal Adelaar, Willen
9 (RLIN) 46407
700 ## - PUNTO DE ACCESO ADICIONAL--NOMBRE DE PERSONA
Nombre Personal Fernández Juárez, Gerardo
9 (RLIN) 40346
700 ## - PUNTO DE ACCESO ADICIONAL--NOMBRE DE PERSONA
Nombre Personal Rösing, Ina
9 (RLIN) 46408
700 ## - PUNTO DE ACCESO ADICIONAL--NOMBRE DE PERSONA
Nombre Personal Portocarrero Grados, Ricardo
9 (RLIN) 11748
942 ## - ELEMENTOS DE PUNTO DE ACCESO ADICIONAL (KOHA)
Fuente de clasificación
Tipo de item Revistas cusqueñas
945 ## - PROCESAMIENTO DE INFORMACIÓN LOCAL (OCLC)
Catalogador rac
Holdings
Estado de retiro (separado) Fuente de clasificación o esquema de estanterías Estado dañado Ubicación Sala donde se ubica Nombre de la colección Fecha de adquisición o compra Costo, precio normal en soles Signatura topográfica Código de Barras Última vez visto (Koha) Tipo de ítem (Koha)
No     Sala Hemeroteca Sala Hemeroteca Book Cart 2021-08-24 10.00 Rev.Andi/N°23/1994 REVC000321 2021-08-24 Revistas cusqueñas

Powered by Koha